000 01300nam a2200265 a 4500
001 39869
003 BD-RjUL
005 20211209053057.0
008 160419s2001 bg ||||| |||| 001 0 ben d
020 _a9840740882
_c: TK. 80.00
035 _a(BD-RjUL)39983
040 _aBD-RjUL
_bben
_cBD-RjUL
_dBD-RjUL
041 _aben
082 _223
_a651.78
_bSAU 2001
100 _aশাস্ত্রী, হরপ্রসাদ
_9119603
245 0 0 _aউনিশ শতকের সাংস্কৃতিক ইতিহাসের এক দশক:
_bহরপ্রসাদ শাস্ত্রী প্রণীত বেঙ্গল লাইব্রেরির প্রতিবেদন /
_cহরপ্রসাদ শাস্ত্রী; অনূদিত: শিপ্রা রক্ষিত দস্তিদার
260 _aঢাকা :
_bবাংলা একাডেমি,
_c২০০১.
300 _a১৫১ পৃ. ;
_c২২ সেমি.
490 _aবাএ
_v৪০৭৯
500 _aনির্ঘণ্ট সংযুক্ত
650 _aপ্রতিবেদন
_9122826
650 _aReports
_9122827
700 _aদস্তিদার, শিপ্রা রক্ষিত, অনুবাদক
_9122828
942 _2ddc
_cBK
999 _c39869
_d39869